000 00671nam a2200253Ia 4500
003 OSt
005 20220918201854.0
006 a|||||r|||| 00| 0
007 ta
008 220917b |||||||| |||| 00| 0 eng d
024 _a97,110
037 _cTextual
040 _aARTS
_cARTS
_beng
041 _2eng
_aeng
082 _aV2:1(Q).J, M5
100 _aRay Choudhury Makhan Lal
_9101100
245 0 _aDin-I-Illahi
_b the religion of Akbar
250 _a3rd
260 _aDelhi
_bOriental
_c1985
300 _axxxii, 222p.
_ccm.
650 _aHISTORY
942 _hV2:1(Q).J, M5
_cTEXL
_2CC
999 _c220708
_d220708